| 000 | 00893nas a2200277 4500 | ||
|---|---|---|---|
| 001 | BR0603113 | ||
| 003 | BR-BrBNA | ||
| 005 | 20231205110132.0 | ||
| 007 | ta | ||
| 008 | 230509b bl.|||p| |||| 00| 00por d | ||
| 040 |
_aBR-BrBNA _bpor _cBiblioteca Nacional de Agricultura |
||
| 041 | _a(Pt) | ||
| 072 | _aL50; L70 | ||
| 100 | 1 | _aAlves, G.E.S. | |
| 100 | 1 | _aRibeiro Filho, J.D. | |
| 100 | 1 | _aOliveira, H.P. | |
| 100 | 1 | _aAbreu, J.M.G. | |
| 245 | 1 | _aTratamento da compactação experimental do cólon maior em eqüinos: resultados de laboratório e exames bioquímicos | |
| 650 | _aEQUINO | ||
| 650 | _aCÓLON | ||
| 650 | _aBIOQUÍMICA ANIMAL | ||
| 650 | _aTRATAMENTO | ||
| 773 | 0 |
_tArquivo Brasileiro de Medicina Veterinária e Zootecnia (Brazil) _xISSN 0102-0935 _g(Jun 2005), v. 57(3) p. 281-287 _wBR0603113 |
|
| 909 |
_a202311 _bLúcia _c55 _dLúcia Elande |
||
| 942 |
_2AGRIS _n0 _cANA |
||
| 999 |
_c186313 _d186313 |
||